000 00896cab a2200277 4500
001 ABS51986
008 090401t1994 xxu||||| |||| 00| 0 eng d
035 _a(Sirsi) u53812
041 _aeng
245 _aAppraisal techniques
260 _c1994
350 _a0
490 _aEstates Gazette
_v(9449) 10 December 1994, 108-109(2)
520 _aA Mainly for Students article, examining environmental cost benefit analysis as one of a range of appraisal techniques.
650 _aCONTINGENT VALUATION METHOD
650 _aCOST BENEFIT ANALYSIS
650 _aENVIRONMENTAL COST BENEFIT ANALYSIS
650 _aEXTERNALITIES
650 _aHEDONIC PRICING
650 _aPRODUCTION FUNCTION APPROACH
650 _aPROJECT APPRAISAL TECHNIQUES
650 _aTRAVEL COST METHOD
690 _aMANAGEMENT-BUSINESS MANAGEMENT-PROFESSIONAL PRACTICE
942 _n0
948 _c04/03/1997
999 _c33072
_d33072